000 00677nam a2200289Ia 4500
005 20260324125735.0
008 008 260324s9999 xx 000 0 eng d
020 _a9780429480454
037 _aEBOOK
040 _aCRL
040 _beng
040 _cCRL
041 _2eng
041 _aeng
084 _qCRL
100 _aJudith Trowell
_91179132
245 0 _aStanding on their Own Feet
245 0 _bYou and Your Younger Adolescent
260 _bTaylor and Francis
260 _c2008
365 _a
365 _b205
856 _uhttp://www.taylorfrancis.com/books/9780429480454
942 _cEBOOK
999 _c1774670
_d1774670